Villes françaises côtières - Mort subite - Statistiques

Statistiques générales
  • Ce quiz a été pris 768 fois
  • Le résultat moyen est 4 sur 17
Answers on the Grid
Answers color-coded by a green-red scale on the quiz's grid according to % correct below.
Marseille
Nice
Toulon
Dunkerque
Antibes
Fréjus
Narbonne
Vannes
Saint-Brieuc
Biscarrosse
Sète
Ajaccio
Cayenne
Fort-de-France
Noirmoutier
Dieppe
Calais
Isigny-sur-Mer
Caen
Dinan
Rochefort
Quimper
Bayonne
Avignon
Nantes
Aix-en-Provence
Béziers
Perpignan
Niort
Bordeaux
 
Statistiques - réponses
Réponse % Correct
Marseille
47%
Nice
43%
Ajaccio
34%
Antibes
31%
Toulon
31%
Dunkerque
30%
Sète
30%
Calais
28%
Vannes
23%
Fréjus
22%
Biscarrosse
19%
Noirmoutier
19%
Dieppe
18%
Fort-de-France
17%
Saint-Brieuc
17%
Narbonne
16%
Cayenne
11%
Aucun quiz correspondant
Distribution des résultats
% des personnes avec chaque résultat
Percentile par nombre de réponses
Votre historique - résultats
Vous n’avez pas pris ce quiz